| 000 | 00695nam a22002057a 4500 | ||
|---|---|---|---|
| 003 | OSt | ||
| 005 | 20251203104608.0 | ||
| 008 | 251203b |||||||| |||| 00| 0 eng d | ||
| 020 | _a978-971-506-5771. | ||
| 040 |
_aDWCL-Admin lib _cOC |
||
| 082 | _aFil. 490.7 P649k 2010 | ||
| 100 | _aPineda-De Castro, Imelda | ||
| 245 |
_aKritikal na pagbasa at akademikong pagsulat tungo sa pananaliksik / _cImelda Pineda-De Castro |
||
| 260 |
_a Manila : _bUST Pub. House, _cc2010. |
||
| 300 |
_axii, 304 p. ; _c26 cm. |
||
| 504 | _aInlcudes bibliographical references. | ||
| 650 | _a1. Filipino language-Study and teaching. | ||
| 700 | _aManaois-Taruc, Zendel Rosario | ||
| 942 |
_2ddc _cBK - FIL _kFil. _n0 |
||
| 999 |
_c6747 _d6747 |
||